Dopady vstupu SR na dopravnú politiku SR - adaptácia a dôsledky pre ekonomiku SR

Vývojové trendy v medzinárodnej doprave a logistike. Význam a postavenie dopravy v EÚ a v SR. Rast konkurencieschopnosti dopravnej infraštruktúry SR. Analýzy a dispartity dopravnej politiky EÚ. Analýzy a disparity dopravnej politiky SR. Investície do dopravnej infraštruktúry SR.

Gespeichert in:
Bibliographische Detailangaben
1. Verfasser: Hansenová, Heda
Format: Buchkapitel
Sprache:Slowakisch
Schlagworte:
Tags: Tag hinzufügen
Keine Tags, Fügen Sie das erste Tag hinzu!

MARC

LEADER 00000naa$a2200000$$$4500
001 0051001
005 20240711093021.6
041 0 |a slo 
044 |a SK 
245 1 0 |a Dopady vstupu SR na dopravnú politiku SR - adaptácia a dôsledky pre ekonomiku SR 
520 |a Vývojové trendy v medzinárodnej doprave a logistike. Význam a postavenie dopravy v EÚ a v SR. Rast konkurencieschopnosti dopravnej infraštruktúry SR. Analýzy a dispartity dopravnej politiky EÚ. Analýzy a disparity dopravnej politiky SR. Investície do dopravnej infraštruktúry SR. 
610 2 0 |a politika dopravná 
610 2 0 |a Slovensko 
610 2 0 |a Európska únia 
610 2 0 |a logistika 
610 2 0 |a obchod medzinárodný 
610 2 0 |a investície 
610 2 0 |a konkurencieschopnosť 
610 2 0 |a infraštruktúra 
610 2 0 |a spolupráca medzinárodná 
100 1 |a Hansenová, Heda